[Event "CZE-ch U12 Girls"]
[Site "Kouty nad Desnou"]
[Date "2010.03.12"]
[Round "8"]
[White "Sperkova, Kristyna"]
[Black "Losova, Miroslava"]
[Result "1-0"]
[WhiteElo "1384"]
[BlackElo "1000"]
[PlyCount "69"]
[EventDate "2010.03.06"]
[EventType "swiss"]
[EventRounds "9"]
[EventCountry "CZE"]
[SourceTitle "EXT 2012"]
[Source "ChessBase"]
[SourceDate "2011.11.24"]
[SourceVersion "1"]
[SourceVersionDate "2011.11.24"]
[SourceQuality "1"]

1. e4 e5 2. Nc3 Nc6 3. Bc4 Bc5 4. d3 Nf6 5. Bg5 0-0 6. Nd5 Be7 7. Bxf6 Bxf6 8. Ne2 Bg5 9. 0-0 d6 10. f4 exf4 11. Ndxf4 Bg4 12. Qe1 Nb4 13. Qxb4 c5 14. Qxb7 Bf6 15. c3 Qa5 16. Qb5 Qc7 17. Nd5 Qd8 18. Nxf6+ gxf6 19. Nf4 Rb8 20. Qa4 Qb6 21. Nd5 Qxb2 22. Nxf6+ Kg7 23. Nxg4 Qxc3 24. Rab1 Ra8 25. Rb7 Qd4+ 26. Kh1 d5 27. Rbxf7+ Rxf7 28. Rxf7+ Kxf7 29. Bxd5+ Kg6 30. Qxd4 cxd4 31. Bxa8 a5 32. Ne5+ Kf6 33. Nc6 h5 34. Nxa5 Ke5 35. Nc6+ 1-0